000 00613nam a2200229Ia 4500
003 OSt
005 20220928140215.0
006 a|||||r|||| 00| 0
007 ta
008 220927b |||||||| |||| 00| 0 eng d
024 _a7625
037 _cTextual
040 _aSDCL
_cSDCL
_beng
041 _2eng
_aeng
082 _aX:75, L7
100 _aRoman Stephen
_9494674
245 0 _aAlternative to communism and capitalism
_b Responsible society
260 _c1979
700 _a Loebl Eugen
_9494675
942 _hX:75, L7
_cTEXL
_2CC
999 _c810668
_d810668